000 00282nam a22001337a 4500
008 180903b xxu||||| |||| 00| 0 eng d
020 _a9780130319654
041 _aeng
080 _a338
100 _a53
101 _aMNG
245 _aManagement
_cRobbins, S.P
942 _2udc
_cBK
999 _c47474
_d47474